000 00340nam a2200133Ia 4500
008 210210b1965 xxu||||| |||| 00| 0 eng d
082 _a324.2092 FISL
100 _aFISCHER (Louis).
245 _aLife of Mahatma Gandhi. Part 2
260 _aBombay
_bBharatiya Vidhya Bhavan
_c1965
300 _a256
690 _aBiography
906 _a031273
999 _c82330
_d82330